000 00834cam a2200265 a 4500
001 000019653
005 20200929170106.0
008 930823s1965 sp b 001 d spa d
040 _aDO-SdBNP
_bspa
_cLC
_dBNPHU
082 _a862.3
_bR741d, 1965
100 1 _aRojas Zorrilla, Francisco de,
_d1607-1648
_939913
245 1 0 _aDel rey abajo, ninguno /
_cFrancisco de Rojas.
250 _a5a ed.
260 _aMadrid :
_bEspasa-Calpe,
_c1965.
300 _a161, [18] p. ;
_c18 cm.
490 1 _aAustral. Gris: clásicos
_v104
500 _aIncluye índice de autores.
650 4 _aTeatro español
_93071
650 4 _aLiteratura española
_ySIGLO XVII
_915578
740 0 _aEntre bobos anda el juego
830 0 _aAustral.
_pGris: clásicos;
_v104
_98199
910 _aCatalogación derivada / LC
910 _aWM
049 _aBNGR
999 _c19169
_d19169